Municipios de Burgos - Estadísticas

Estadísticas generales
  • Esta prueba ha sido intentada 93 veces
  • La puntuación promedio es 38 de 371
Estadísticas de respuestas
Municipio % Correcto
Aranda de Duero
88%
Burgos
88%
Miranda de Ebro
86%
Lerma
75%
Briviesca
61%
Roa
55%
Medina de Pomar
53%
Gumiel de Izán
51%
Belorado
49%
Frías
49%
Villadiego
47%
Covarrubias
41%
Peñaranda de Duero
41%
Salas de los Infantes
41%
Caleruega
39%
Espinosa de los Monteros
37%
Castrojeriz
35%
Oña
35%
Torresandino
35%
Atapuerca
33%
Ibeas de Juarros
33%
Tardajos
33%
Melgar de Fernamental
31%
Pradoluengo
31%
Gumiel de Mercado
29%
Milagros
29%
Quintanar de la Sierra
29%
Villagonzalo Pedernales
29%
Pancorbo
27%
Arlanzón
25%
Canicosa de la Sierra
25%
Castrillo de la Vega
25%
Arauzo de Miel
24%
Arcos de la Llana
24%
Cilleruelo de Abajo
24%
Cilleruelo de Arriba
24%
Cogollos
24%
Fuentecén
24%
Fuentespina
24%
Haza
24%
Huerta de Rey
24%
Poza de la Sal
24%
Santa María del Campo
24%
Sasamón
24%
Villalba de Duero
24%
Villalmanzo
24%
Villarcayo de Merindad de Castilla la Vieja
24%
Cardeñadijo
22%
Pineda de la Sierra
22%
Quintanapalla
22%
Zazuar
22%
Anguix
20%
Fuentelisendo
20%
Hontoria del Pinar
20%
Monasterio de Rodilla
20%
Nava de Roa
20%
Pampliega
20%
Sarracín
20%
Trespaderne
20%
Vadocondes
20%
Arauzo de Salce
18%
Arauzo de Torre
18%
Baños de Valdearados
18%
Cardeñajimeno
18%
Castrillo del Val
18%
Condado de Treviño
18%
Hoyales de Roa
18%
Huerta de Arriba
18%
La Horra
18%
La Puebla de Arganzón
18%
Modúbar de la Emparedada
18%
Quemada
18%
Sotillo de la Ribera
18%
Tórtoles de Esgueva
18%
Villafruela
18%
Villalbilla de Burgos
18%
Villanueva de Gumiel
18%
Abajas
16%
Berlangas de Roa
16%
Buniel
16%
Fuentelcésped
16%
Las Quintanillas
16%
Moradillo de Roa
16%
Presencio
16%
San Martín de Rubiales
16%
Torrepadre
16%
Tubilla del Lago
16%
Villariezo
16%
Villasur de Herreros
16%
Basconcillos del Tozo
14%
Cavia
14%
Estépar
14%
Fresnillo de las Dueñas
14%
Hacinas
14%
Rabé de las Calzadas
14%
Tubilla del Agua
14%
Valdezate
14%
Valle de Mena
14%
Villafranca Montes de Oca
14%
Adrada de Haza
12%
Ameyugo
12%
Arandilla
12%
Bahabón de Esgueva
12%
Castrillo de la Reina
12%
Huérmeces
12%
Los Ausines
12%
Mambrillas de Lara
12%
Palacios de la Sierra
12%
Pedrosa de Duero
12%
Peral de Arlanza
12%
Pinilla Trasmonte
12%
Quintana del Pidio
12%
Tordómar
12%
Villahoz
12%
Barbadillo del Mercado
10%
Busto de Bureba
10%
Coruña del Conde
10%
Frandovínez
10%
Fuentemolinos
10%
Hontangas
10%
Madrigal del Monte
10%
Mahamud
10%
Neila
10%
Oquillas
10%
Pardilla
10%
Pedrosa del Príncipe
10%
Quintanilla de la Mata
10%
Regumiel de la Sierra
10%
Santa Gadea del Cid
10%
Santa María del Mercadillo
10%
Sargentes de la Lora
10%
Sotresgudo
10%
Torregalindo
10%
Tosantos
10%
Valdeande
10%
Valdorros
10%
Villalbilla de Gumiel
10%
Villaquirán de los Infantes
10%
Vilviestre del Pinar
10%
Zael
10%
Aguilar de Bureba
8%
Arija
8%
Barbadillo del Pez
8%
Cabañes de Esgueva
8%
Campillo de Aranda
8%
Castrillo Mota de Judíos
8%
Cerezo de Río Tirón
8%
Espinosa de Cervera
8%
Hontoria de Valdearados
8%
Hortigüela
8%
Hurones
8%
Isar
8%
Jaramillo Quemado
8%
La Vid y Barrios
8%
Los Balbases
8%
Madrigalejo del Monte
8%
Mambrilla de Castrejón
8%
Mamolar
8%
Mecerreyes
8%
Olmedillo de Roa
8%
Pedrosa del Páramo
8%
Puentedura
8%
Quintanilla Vivar
8%
Rabanera del Pinar
8%
Rubena
8%
Salas de Bureba
8%
Santa Cruz de la Salceda
8%
Santa Inés
8%
Santo Domingo de los Silos
8%
Sotragero
8%
Valle de Sedano
8%
Villaescusa de Roa
8%
Vizcaínos
8%
Albillos
6%
Alfoz de Quintanadueñas
6%
Avellanosa de Muñó
6%
Carcedo de Burgos
6%
Fontioso
6%
Fresneda de la Sierra Tirón
6%
Hontanas
6%
Hontoria de la Cantera
6%
Iglesiarrubia
6%
Jaramillo de la Fuente
6%
La Cueva de Roa
6%
Mazuela
6%
Merindad de Río Ubierna
6%
Montorio
6%
Orbaneja Riopico
6%
Padilla de Abajo
6%
Padilla de Arriba
6%
Palazuelos de la Sierra
6%
Pineda Trasmonte
6%
Pinilla de los Barruecos
6%
Quintanaortuño
6%
Quintanilla del Coco
6%
Rábanos
6%
Reinoso
6%
Revilla del Campo
6%
Royuela de Río Franco
6%
San Juan del Monte
6%
San Mamés de Burgos
6%
Santibáñez del Val
6%
Solarana
6%
Villamayor de los Montes
6%
Villambistia
6%
Villanueva de Argaño
6%
Villatuelda
6%
Villaverde-Mogina
6%
Villayerno Morquillas
6%
Arenillas de Riopisuerga
4%
Barbadillo de Herreros
4%
Barrios de Colina
4%
Belbimbre
4%
Brazacorta
4%
Cabezón de la Sierra
4%
Cascajares de Bureba
4%
Cascajares de la Sierra
4%
Castil de Peones
4%
Castrillo de Riopisuerga
4%
Celada del Camino
4%
Ciadoncha
4%
Contreras
4%
Cubillo del Campo
4%
Cubo de Bureba
4%
Cuevas de San Clemente
4%
Fresno de Río Tirón
4%
Fresno de Rodilla
4%
Fuentenebro
4%
La Sequera de Haza
4%
Miraveche
4%
Moncalvillo
4%
Nebreda
4%
Padrones de Bureba
4%
Prádanos de Bureba
4%
Quintanavides
4%
Revillarruz
4%
San Adrián de Juarros
4%
San Millán de Lara
4%
Santa Cecilia
4%
Santa Cruz del Valle Urbión
4%
Santa María del Invierno
4%
Santa Olalla de Bureba
4%
Tejada
4%
Terradillos de Esgueva
4%
Tinieblas de la Sierra
4%
Úrbel del Castillo
4%
Valle de Losa
4%
Valle de Tobalina
4%
Valle de Valdelaguna
4%
Valmala
4%
Villasandino
4%
Villaverde del Monte
4%
Alcocero de Mola
2%
Alfoz de Bricia
2%
Altable
2%
Arraya de Oca
2%
Bañuelos de Bureba
2%
Bascuñana
2%
Berberana
2%
Bozoó
2%
Bugedo
2%
Cantabrana
2%
Carazo
2%
Castellanos de Castro
2%
Cebrecos
2%
Cerratón de Juarros
2%
Ciruelos de Cervera
2%
Encío
2%
Espinosa del Camino
2%
Galbarros
2%
Grisaleña
2%
Hornillos del Camino
2%
Ibrillos
2%
Iglesias
2%
Itero del Castillo
2%
La Gallega
2%
Las Hormazas
2%
La Vid de Bureba
2%
Los Altos
2%
Los Barrios de Bureba
2%
Merindad de Montija
2%
Merindad de Valdeporres
2%
Monasterio de la Sierra
2%
Monterrubio de la Demanda
2%
Pedrosa de Río Úrbel
2%
Quintanaélez
2%
Quintanilla del Agua y Tordueles
2%
Redecilla del Camino
2%
Retuerta
2%
Riocavado de la Sierra
2%
Rublacedo de Abajo
2%
Saldaña de Burgos
2%
Santibáñez de Esgueva
2%
Tamarón
2%
Tobar
2%
Torrecilla del Monte
2%
Valle de las Navas
2%
Valle de Manzanedo
2%
Valle de Santibáñez
2%
Valle de Zamanzas
2%
Valles de Palenzuela
2%
Villaescusa la Sombría
2%
Villagalijo
2%
Villaldemiro
2%
Villamayor de Treviño
2%
Villangómez
2%
Villanueva de Carazo
2%
Villaquirán de la Puebla
2%
Viloria de Rioja
2%
Zarzosa de Río Pisuerga
2%
Zuñeda
2%
Aguas Cándidas
0%
Alfoz de Santa Gadea
0%
Barrio de Muñó
0%
Berzosa de Bureba
0%
Campolara
0%
Carcedo de Bureba
0%
Cardeñuela Riopico
0%
Carrias
0%
Castildelgado
0%
Cayuela
0%
Cillaperlata
0%
Fresneña
0%
Fuentebureba
0%
Grijalba
0%
Humada
0%
Junta de Traslaloma
0%
Junta de Villalba de Losa
0%
Jurisdicción de Lara
0%
Jurisdicción de San Zadornil
0%
La Revilla y Ahedo
0%
Llano de Bureba
0%
Manciles
0%
Merindad de Cuesta-Urria
0%
Merindad de Sotoscueva
0%
Merindad de Valdivielso
0%
Navas de Bureba
0%
Olmillos de Muñó
0%
Palacios de Riopisuerga
0%
Palazuelos de Muñó
0%
Partido de la Sierra en Tobalina
0%
Piérnigas
0%
Pinilla de los Moros
0%
Quintanabureba
0%
Quintanilla San García
0%
Rebolledo de la Torre
0%
Redecilla del Campo
0%
Revilla Vallejera
0%
Rezmondo
0%
Rojas
0%
Rucandio
0%
Salinillas de Bureba
0%
Santa María Rivarredonda
0%
San Vicente del Valle
0%
Sordillos
0%
Susinos del Páramo
0%
Torrelara
0%
Vallarta de Bureba
0%
Valle de Oca
0%
Valle de Valdebezana
0%
Valle de Valdelucio
0%
Vallejera
0%
Valluércanes
0%
Vileña
0%
Villaespasa
0%
Villamedianilla
0%
Villamiel de la Sierra
0%
Villanueva de Teba
0%
Villazopeque
0%
Villegas
0%
Villoruebo
0%
No se encontraron pruebas coincidentes
Distribución de puntuación
Porcentaje de gente con cada puntuación
Porcentaje por número respondido
Historial de tus puntuaciones
No has intentado esta prueba.